| 000 | 00439cam a2200181ua 4500 | ||
|---|---|---|---|
| 020 | _c7.20 | ||
| 041 |
_aeng _h |
||
| 082 |
_a621.9 _bCHA/WO |
||
| 100 | _aChapman, W A J . | ||
| 245 |
_aWorkshop technology / _cW AJ Chapman. _hTextual Documents |
||
| 250 |
_a3 / _b. |
||
| 260 |
_aLondon : _bEdward Arnold Publications Ltd , _c1962. |
||
| 300 | _a338 ; . | ||
| 365 | _a7.20 | ||
| 504 | _a | ||
| 942 | _cBK | ||
| 999 |
_c9211 _d9211 |
||